Teorie pro strategické řízení marketingu: může zlepšit praxi?

Strategické riadenie vrátane strategického riadenia marketingu a dlhodobý úspech firmy. Hierarchia firemnej stratégie. Obsah marketingovej stratégie a "koncept strategického riadenia BIBS". Analýzy pre marketing. Ako efektívne implementovať marketingovú stratégiu.

Uložené v:
Podrobná bibliografia
Hlavný autor: Hanzelková, Alena
Médium: Kapitola
Jazyk:Czech
Predmet:
Tagy: Pridať tag
Žiadne tagy, Buďte prvý, kto otaguje tento záznam!

MARC

LEADER 00000naa$a2200000$$$4500
001 0108591
005 20230509075720.6
041 0 |a cze 
044 |a CZ 
245 1 0 |a Teorie pro strategické řízení marketingu:  |b může zlepšit praxi?  |c Alena Hanzelková 
520 |a Strategické riadenie vrátane strategického riadenia marketingu a dlhodobý úspech firmy. Hierarchia firemnej stratégie. Obsah marketingovej stratégie a "koncept strategického riadenia BIBS". Analýzy pre marketing. Ako efektívne implementovať marketingovú stratégiu. 
610 2 0 |a marketing strategický 
610 2 0 |a riadenie strategické 
610 2 0 |a analýzy 
610 2 0 |a prostredie podnikateľské 
610 2 0 |a komunikácia marketingová 
610 2 0 |a marketing mix 
100 1 |a Hanzelková, Alena